| 000 | 00518nam a2200181Ia 4500 | ||
|---|---|---|---|
| 005 | 20250326143253.0 | ||
| 008 | 250326s9999 xx 000 0 und d | ||
| 037 | _aTextbook | ||
| 040 |
_aFMSL _beng _cFMSL |
||
| 041 |
_aeng _2eng |
||
| 084 |
_aX9S P4 _qFMSL |
||
| 100 | _aMishra R K | ||
| 245 | 0 |
_aPrivatisation of state public enterprises : fice commission approach _cMishra R K |
|
| 260 |
_aNew Delhi _bNew Delhi, Anmol _c2004 |
||
| 300 | _a226p | ||
| 942 |
_cTB _hX9S P4 |
||
| 999 |
_c1298856 _d1298856 |
||